Beberapa masalah etika sosial-ekonomis (Record no. 85876)

MARC details
000 -LEADER
fixed length control field 00722nam a22002411 4500
001 - CONTROL NUMBER
control field sa 68014558
003 - CONTROL NUMBER IDENTIFIER
control field DLC
005 - DATE AND TIME OF LATEST TRANSACTION
control field 20260227112632.0
008 - FIXED-LENGTH DATA ELEMENTS--GENERAL INFORMATION
fixed length control field 780307s1965 io b 00010 ind
010 ## - LIBRARY OF CONGRESS CONTROL NUMBER
LC control number sa 68014558
025 ## - OVERSEAS ACQUISITION NUMBER
Overseas acquisition number PL480:Indo-5218
035 ## - SYSTEM CONTROL NUMBER
System control number ocl73678514
040 ## - CATALOGING SOURCE
Transcribing agency CtY-D
050 0# - LIBRARY OF CONGRESS CALL NUMBER
Classification number HN31
Item number .V46 1965
100 10 - MAIN ENTRY--PERSONAL NAME
Personal name Verkuyl, Johannes.
245 10 - TITLE STATEMENT
Title Beberapa masalah etika sosial-ekonomis
Statement of responsibility, etc. [oleh] J. Verkuyl. Di-Indonesiakan oleh G. M. A. Nainggolan.
250 ## - EDITION STATEMENT
Edition statement Tjet. 2.
260 0# - PUBLICATION, DISTRIBUTION, ETC.
Place of publication, distribution, etc. Djakarta,
Name of publisher, distributor, etc. Badan Penerbit Kristen
Date of publication, distribution, etc. [1965]
300 ## - PHYSICAL DESCRIPTION
Extent 163 p.
Dimensions 21 cm.
490 0# - SERIES STATEMENT
Series statement Seri etika Kristen, djil. II, 1
504 ## - BIBLIOGRAPHY, ETC. NOTE
Bibliography, etc. note Bibliography: p. 161-163.
650 #0 - SUBJECT ADDED ENTRY--TOPICAL TERM
Topical term or geographic name entry element Church and social problems.

No items available.

Powered by Koha